Rozpočty národních výborů v nové soustavě řízení
Guardado en:
| Otros Autores: | |
|---|---|
| Formato: | Libro |
| Lenguaje: | checo |
| Publicado: |
Praha
Svoboda
1968
|
| Etiquetas: |
Sin Etiquetas, Sea el primero en etiquetar este registro!
|
MARC
| LEADER | 00000nam a2200000 4500 | ||
|---|---|---|---|
| 001 | c122081 | ||
| 005 | 20230105083801.3 | ||
| 041 | 0 | |a cze | |
| 044 | |a CZ | ||
| 245 | 1 | 0 | |a Rozpočty národních výborů v nové soustavě řízení |c Zost. Milan Chladil |
| 264 | 1 | |a Praha |b Svoboda |c 1968 | |
| 300 | |a 139 s. | ||
| 700 | 1 | |a Chladil, Milan | |